ნორმალური ფორმატი
MARC ფორმატი
ჩანაწერი Personal Name
ჩანაწერთა რაოდენობა, რომელიც გამოყენებულია: 2
001 - CONTROL NUMBER
- control field: 9538
003 - CONTROL NUMBER IDENTIFIER
- control field: GE_BSU
005 - DATE AND TIME OF LATEST TRANSACTION
- control field: 20200914214106.0
008 - FIXED-LENGTH DATA ELEMENTS
- fixed length control field: 200914|| aca||aabn | a|a d
040 ## - CATALOGING SOURCE
- Original cataloging agency: GE_BSU
- Transcribing agency: GE_BSU
100 ## - HEADING--PERSONAL NAME
- Personal name: გაბედავა, გრ.
670 ## - SOURCE DATA FOUND
- Source citation: Work cat.: (GE_BSU)53292: გაბედავა, გრ., ქართული ენის სწავლების საკითხები სტაჟიორული პედაგოგიური პრაქტიკის პერიოდში :
